Central Library OPAC University of Rajshahi

The multimedia handbook / (Record no. 81901)

MARC details
000 -LEADER
fixed length control field 00669nam a2200241 a 4500
001 - CONTROL NUMBER
control field 81901
003 - CONTROL NUMBER IDENTIFIER
rucl marc code BD-RjUL
005 - DATE AND TIME OF LATEST TRANSACTION
control field 20230911153853.0
008 - FIXED-LENGTH DATA ELEMENTS--GENERAL INFORMATION
fixed length control field 230911r19981996enk 000 0 eng d
020 ## - INTERNATIONAL STANDARD BOOK NUMBER
International Standard Book Number 0415136660
035 ## - SYSTEM CONTROL NUMBER
System control number (BD-RjUL)81901
040 ## - CATALOGING SOURCE
Original cataloging agency OX/U-1
Language of cataloging eng
Transcribing agency BD-RjUL
041 ## - LANGUAGE CODE
Language code of text/sound track or separate title eng
082 ## - DEWEY DECIMAL CLASSIFICATION NUMBER
Edition number 23
Classification number 006.7
Author mark and year CAM 1998
100 1# - MAIN ENTRY--PERSONAL NAME
Personal name Cawkell, A. E.
9 (RLIN) 8937
245 14 - TITLE STATEMENT
Title The multimedia handbook /
Statement of responsibility, etc. Tony Cawkell
260 ## - PUBLICATION, DISTRIBUTION, ETC. (IMPRINT)
Place of publication, distribution, etc. London :
Name of publisher, distributor, etc. Routledge,
Date of publication, distribution, etc. 1996, [reprinted 1998]
300 ## - PHYSICAL DESCRIPTION
Pagination xv, 461 p. :
Illustrations ill. ;
Size 26 cm.
500 ## - GENERAL NOTE
General note "A Blueprint book"
504 ## - BIBLIOGRAPHY, ETC. NOTE
Bibliography, etc Bibliography: p. [411]-431
650 #0 - SUBJECT ADDED ENTRY--TOPICAL TERM
Topical term or geographic name as entry element Multimedia systems
9 (RLIN) 8938
942 ## - ADDED ENTRY ELEMENTS (KOHA)
Source of classification or shelving scheme Dewey Decimal Classification
Koha item type Books
Holdings
Lost status Source of classification or shelving scheme Damaged status Not for loan Collection code Permanent Location Current Location Shelving location Date acquired Source of acquisition Cost, normal purchase price Total Checkouts Full call number Date last seen Copy number Koha item type
  Dewey Decimal Classification   Not For Loan Non-fiction Central Library, University of Rajshahi Central Library, University of Rajshahi Reading Room 05/06/2023 Dhaka : Page mark 3749.04   006.7 CAM 1998 11/09/2023 C-1 Books
  Dewey Decimal Classification     Non-fiction Central Library, University of Rajshahi Central Library, University of Rajshahi General Stacks 05/06/2023 Dhaka : Page mark 3749.04   006.7 CAM 1998 11/09/2023 C-2 Books